000 00587nam a2200193Ia 4500
003 GCL
008 140319s9999 xx 000 0 ara d
040 _aGCL /
_cGCL
082 0 4 _a652.5
_bرم
100 1 _aرنا غندور سلحب
245 1 0 _aمعالجة الكلمات والنصوص /
_cرنا غندور سلحب
260 _a[S.N] :
_bدار الراتب الجامعية
300 _a260 ص
490 _a
650 0 4 _aالحاسبات الالكترونية
650 0 4 _aالبيانات
650 0 4 _aالمعالجات الالكترونية
942 _2ddc
_cBK
999 _c50564
_d50564